[Event "Druzynowe Mistrzostwa Polski - II liga"]
[Site "Sypniewo k. Jastrowia"]
[Date "1899-12-30"]
[Round "5.75"]
[White "Helis, Tadeusz"]
[Black "Adamczewski, Jedrzej"]
[Result "1-0"]
[WhiteTitle "FM"]
[BlackTitle "I++"]
[WhiteElo "2095"]
[BlackElo "1941"]

1. Nf3 c5 2. c4 g6 3. g3 b6 4. Bg2 Bb7 5. d4 cxd4 6. Qxd4 Nf6 7. O-O Bg7 8. Nc3
O-O 9. Qh4 Qc7 10. Nd5 Bxd5 11. cxd5 Na6 12. e4 e5 13. dxe6 dxe6 14. Bg5 Nd7 15.
Rac1 Ndc5 16. e5 Qd7 17. Bf6 Qa4 18. Rc4 Qxa2 19. Bxg7 Kxg7 20. Qf6+ Kg8 21. Rh4
Qxb2 22. Ng5 Nd7 23. Nxh7 Qxe5 24. Qxe5 Nxe5 25. Nxf8 Rxf8 26. Ra4 Nc5 27. Rxa7
Rd8 28. Ra8 Rxa8 29. Bxa8 Kf8 30. Rb1 Ned7 31. Bc6 Ke7 32. Bxd7 Nxd7 33. Rd1 Nf6
34. h4 Nd5 35. Kg2 f5 36. Rb1 Kd6 37. f3 b5 38. g4 fxg4 39. fxg4 Kc5 40. Kg3 Ne7
41. Kf4 Nc6 42. Kg5 Ne5 43. h5 gxh5 44. gxh5 b4 45. Kf6 Ng4+ 46. Kxe6 Kc4 47.
Kf5 Nh6+ 48. Kg6 Ng8 49. Kg7 Ne7 50. Rf1 b3 51. h6 b2 52. h7 Nf5+ 53. Kf6 Ne3
54. Rb1 Nd5+ 55. Kf7 Kb3 56. h8=Q Nc3 57. Qb8+ 1-0

[Event "Druzynowe Mistrzostwa Polski - II liga"]
[Site "Sypniewo k. Jastrowia"]
[Date "1899-12-30"]
[Round "5.76"]
[White "Geraschenko, Dmitry"]
[Black "Malinowski, Damian"]
[Result "1/2-1/2"]
[WhiteTitle "II+"]
[BlackTitle "I++"]
[WhiteElo "1851"]
[BlackElo "2012"]

1. e4 c6 2. d4 d5 3. exd5 cxd5 4. c4 Nf6 5. Nc3 Nc6 6. Bg5 dxc4 7. d5 Ne5 8. Qd4
h6 9. Qxe5 hxg5 10. Bxc4 a6 11. Rd1 Qb6 12. Rd2 Qc5 13. Bb3 g6 14. Nf3 Rh5 15.
Nxg5 Ng4 16. Qf4 Rxg5 17. Qxg5 Bh6 18. Qh4 Bxd2+ 19. Kxd2 Qxf2+ 20. Qxf2 Nxf2
21. Re1 Ng4 22. Ne4 Kf8 23. h3 Nh6 24. d6 Nf5 25. dxe7+ Nxe7 26. Nf6 Be6 27. Nh7+
Ke8 28. Bxe6 Rd8+ 29. Kc1 fxe6 30. Ng5 Rd6 31. Rxe6 Rxe6 32. Nxe6 Kd7 33. Nd4
Kd6 34. Kd2 Ke5 35. Nb3 b6 36. Ke3 Nd5+ 37. Kf3 Nb4 38. Nc1 Nc2 39. h4 Ne1+ 40.
Kf2 Nc2 41. g4 Kf4 42. h5 gxh5 43. gxh5 Kg5 44. Ke2 Kxh5 45. Kd3 Ne1+ 46. Kc4
Kg4 47. Kd5 Kf3 48. Kc6 Ke3 49. Kxb6 Kd2 50. Kxa6 Kxc1 51. b4 Kb2 52. b5 Ka3 53.
b6 Nd3 54. Kb5 Ne5 55. b7 Nd7 56. Kc6 Nb8+ 57. Kd5 1/2-1/2

[Event "Druzynowe Mistrzostwa Polski - II liga"]
[Site "Sypniewo k. Jastrowia"]
[Date "1899-12-30"]
[Round "5.77"]
[White "Chrobak, Piotr"]
[Black "Grzegorski, Michal"]
[Result "0-1"]
[WhiteTitle "I"]
[BlackTitle "I"]
[WhiteElo "1692"]
[BlackElo "1752"]

1. e4 d6 2. d4 Nf6 3. Nc3 e5 4. Nf3 Nbd7 5. Bc4 Be7 6. Be3 O-O 7. h3 c6 8. dxe5
dxe5 9. a3 b5 10. Bd3 a6 11. O-O c5 12. Nd2 c4 13. Be2 Bc5 14. Bg5 h6 15. Bh4
Bb7 16. Bf3 Bd4 17. Qe2 Qa5 18. Nd1 Qb6 19. c3 Bc5 20. g4 Rfe8 21. Bg3 Nf8 22.
Ne3 Bxe3 23. fxe3 Rad8 24. b3 cxb3 25. h4 N8d7 26. g5 hxg5 27. hxg5 Nh7 28. Bh4
Nc5 29. Bh5 g6 30. Qf2 Qe6 31. Bf3 Rd3 32. Rac1 Red8 33. Rfd1 b2 34. Rc2 Nxe4
0-1

[Event "Druzynowe Mistrzostwa Polski - II liga"]
[Site "Sypniewo k. Jastrowia"]
[Date "1899-12-30"]
[Round "5.78"]
[White "Barwinska, Ewa"]
[Black "Suchanek, Paulina"]
[Result "1-0"]
[WhiteTitle "I++"]
[BlackTitle "I"]
[WhiteElo "1826"]
[BlackElo "1547"]

1. e4 e6 2. d4 d5 3. Nc3 Nf6 4. Bg5 Be7 5. e5 Nfd7 6. Bxe7 Qxe7 7. f4 a6 8. Nf3
c5 9. Qd2 Nc6 10. dxc5 Nxc5 11. Bd3 b5 12. O-O Bb7 13. Ne2 Rd8 14. Ned4 Ne4 15.
Qe3 O-O 16. a4 Nxd4 17. Nxd4 bxa4 18. Rxa4 Nc5 19. Ra3 Nxd3 20. Rxd3 Rc8 21. f5
exf5 22. Nxf5 Qe6 23. Qg5 g6 24. Ne7+ Kg7 25. Rh3 f5 26. Qh6+ Kf7 27. Qxh7+ Ke8
28. Nxc8 Bxc8 29. Qg7 Rf7 30. Rh8+ Kd7 31. Qg8 Bb7 32. Qd8+ Kc6 33. Rf3 Rd7 34.
Rc3+ Kb5 35. Rb3+ Kc4 36. Qa5 Qe7 37. Qc3# 1-0

[Event "Druzynowe Mistrzostwa Polski - II liga"]
[Site "Sypniewo k. Jastrowia"]
[Date "1899-12-30"]
[Round "5.79"]
[White "Bilczewski, Kacper"]
[Black "Sopur, Lech"]
[Result "1/2-1/2"]
[WhiteTitle "k+"]
[BlackTitle "m"]
[WhiteElo "2112"]
[BlackElo "2413"]

1. e4 e5 2. Nf3 Nc6 3. Bc4 Nf6 4. d3 Be7 5. O-O O-O 6. c3 d5 7. exd5 Nxd5 8. Nbd2
Nb6 9. Bb5 Nb8 10. Nc4 Bd6 11. Re1 c6 12. Nxb6 axb6 13. Bc4 Bg4 14. h3 Bh5 15.
g4 Bg6 16. Nxe5 Bxe5 17. Rxe5 Nd7 18. Bg5 Qc8 19. Re7 b5 20. Bb3 Nc5 21. d4 Nxb3
22. Qxb3 Bd3 23. a3 Bc4 24. Qc2 Be6 25. Qe4 Bd5 26. Qe2 Bc4 27. Qe4 Bd5 28. Qe2
Re8 29. Rxe8+ Qxe8 30. Re1 Qc8 31. f3 Be6 32. Qe5 Qd7 33. Bf4 Rd8 34. Kf2 Rc8
35. Qd6 Qe8 36. Bg5 h6 37. Bh4 Qf8 38. Be7 Qe8 39. f4 Bc4 40. f5 Ra8 41. f6 g6
42. Qf4 Kh7 43. Qc7 Qc8 44. Qxc8 Rxc8 45. h4 g5 46. h5 Kg8 47. Bc5 Be6 48. Kf3
Rd8 49. Re5 1/2-1/2

[Event "Druzynowe Mistrzostwa Polski - II liga"]
[Site "Sypniewo k. Jastrowia"]
[Date "1899-12-30"]
[Round "5.80"]
[White "Strzelecki, Jerzy"]
[Black "Panek, Bartosz"]
[Result "0-1"]
[WhiteTitle "k"]
[BlackTitle "I++"]
[WhiteElo "1924"]
[BlackElo "2082"]

1. Nf3 Nf6 2. c4 g6 3. d4 Bg7 4. Nc3 d5 5. Qb3 dxc4 6. Qxc4 O-O 7. Bf4 c6 8. e4
b5 9. Qb3 a5 10. Qc2 Bg4 11. Rd1 Nh5 12. Bg5 f6 13. Be3 f5 14. exf5 Rxf5 15. Be2
Nf4 16. Bxf4 Rxf4 17. O-O e6 18. Qd2 Bh6 19. Qe1 b4 20. Nb1 Ra7 21. Rd3 Nd7 22.
Ne5 Nxe5 23. dxe5 Rd7 24. Rxd7 Qxd7 25. Bxg4 Rxg4 26. Qe2 Rd4 27. g3 Qd5 28. a3
Bf8 29. Re1 Bc5 30. h3 Rd3 31. Kh2 Bb6 32. h4 c5 33. h5 c4 34. hxg6 hxg6 35. axb4
axb4 36. Rc1 Rf3 37. Rf1 Rf5 38. g4 Rxe5 39. Qd2 Qf3 40. Qd7 Qf4+ 0-1

[Event "Druzynowe Mistrzostwa Polski - II liga"]
[Site "Sypniewo k. Jastrowia"]
[Date "1899-12-30"]
[Round "5.81"]
[White "Radecki, Adam"]
[Black "Gradowski, Jacek"]
[Result "1/2-1/2"]
[WhiteTitle "I+"]
[BlackTitle "I+"]
[WhiteElo "2028"]
[BlackElo "2058"]

1. e4 e5 2. Nf3 Nc6 3. Bc4 Bc5 4. c3 Nf6 5. d3 d6 6. Bb3 h6 7. h3 O-O 8. Nbd2 Be6
9. O-O Re8 10. Re1 b5 11. Nf1 d5 12. Qe2 d4 13. cxd4 Nxd4 14. Nxd4 Bxd4 15. Bxe6
Rxe6 16. Ng3 Kh7 17. Nf5 Ng8 18. Be3 c5 19. Rac1 g6 20. Bxd4 cxd4 21. Ng3 Rc8
22. Qd2 Ne7 23. Ne2 Rec6 24. Kf1 a5 25. Rxc6 Rxc6 26. Rc1 Kg7 27. Ke1 Qb6 28.
Kd1 b4 29. Rxc6 Qxc6 30. Qc2 f5 31. Qxc6 Nxc6 32. Kc2 a4 33. Ng1 Kf6 34. Nf3 fxe4
35. dxe4 Ke6 36. Kd3 Na5 37. Nd2 g5 38. Nc4 Nb7 39. Nd2 Na5 40. f3 h5 41. g3 h4
42. g4 a3 43. bxa3 bxa3 44. Nb1 Nc6 45. Kc4 d3 46. Kxd3 Nb4+ 47. Kd2 Nxa2 48.
Nxa3 Nb4 49. Nc2 Nc6 50. Ne1 Ne7 51. Nd3 Ng6 52. Kc3 Kd6 53. Kb4 Nf8 54. Kc3 Ne6
55. Kd2 Nd4 56. Ke3 Ne6 57. Ke2 Nd4+ 58. Kf2 Ne6 59. Ke3 Nf8 60. f4 exf4+ 61.
Nxf4 gxf4+ 62. Kxf4 Ke6 63. Kg5 Ke5 64. Kxh4 Kxe4 65. Kh5 Kf4 66. h4 Ne6 67. g5
Kg3 68. g6 Nf4+ 69. Kg5 Nxg6 70. h5 Nf8 71. h6 Kf3 72. Kf5 Kg3 73. Kf6 Kg4 74.
Kg7 Kg5 1/2-1/2

[Event "Druzynowe Mistrzostwa Polski - II liga"]
[Site "Sypniewo k. Jastrowia"]
[Date "1899-12-30"]
[Round "5.82"]
[White "Flis, Pawel"]
[Black "Samborski, Henryk"]
[Result "0-1"]
[WhiteTitle "k+"]
[BlackTitle "k"]
[WhiteElo "1840"]
[BlackElo "2052"]

1. e4 g6 2. d4 Bg7 3. Nc3 d6 4. Be3 Nf6 5. f3 c6 6. Qd2 Qa5 7. Bd3 O-O 8. Nge2
Nbd7 9. Bh6 e5 10. dxe5 dxe5 11. h4 Nc5 12. h5 Be6 13. Qg5 Bxh6 14. Qxh6 Qc7 15.
Ng3 Rad8 16. O-O-O b5 17. Nf5 Ne8 18. Kb1 b4 19. Ne2 b3 20. Nc3 bxa2+ 21. Nxa2
Nxd3 22. cxd3 Bxa2+ 23. Kxa2 gxf5 24. Rh3 f6 25. Rg3+ Ng7 26. exf5 Kh8 27. Qd2
Nxf5 28. Rh3 Rd5 29. Kb1 Rfd8 30. Qe2 Qd7 31. g4 Nd4 32. Qe4 Nb3 33. f4 Rd4 34.
Qe3 Qxg4 35. Rg3 Qxd1+ 0-1

[Event "Druzynowe Mistrzostwa Polski - II liga"]
[Site "Sypniewo k. Jastrowia"]
[Date "1899-12-30"]
[Round "5.83"]
[White "Lamza, Zenon"]
[Black "Kelm, Robert"]
[Result "1-0"]
[WhiteTitle "k"]
[BlackTitle "I"]
[WhiteElo "2178"]
[BlackElo "1661"]

1. d4 Nf6 2. Nf3 d5 3. c4 dxc4 4. e3 e6 5. Bxc4 c5 6. O-O Nbd7 7. Nc3 Be7 8. Qe2
a6 9. a4 O-O 10. Rd1 Qc7 11. a5 Rd8 12. Bd2 Nf8 13. Na4 Bd7 14. Nb6 Rab8 15. Rdc1
Ne4 16. Be1 cxd4 17. Bd3 1-0

[Event "Druzynowe Mistrzostwa Polski - II liga"]
[Site "Sypniewo k. Jastrowia"]
[Date "1899-12-30"]
[Round "5.84"]
[White "Szmacinska, Grazyna"]
[Black "Bugaj, Hanna"]
[Result "0-1"]
[WhiteTitle "WIM"]
[BlackTitle "I++"]
[WhiteElo "2056"]
[BlackElo "1755"]

1. d4 Nf6 2. Bf4 d5 3. Nf3 c5 4. e3 Nc6 5. c3 Qb6 6. Qc2 g6 7. Nbd2 Bf5 8. dxc5
Qxc5 9. Bd3 Bxd3 10. Qxd3 Bg7 11. Nb3 Qb6 12. Bg3 O-O 13. O-O Rfe8 14. Ne5 Rad8
15. Nxc6 bxc6 16. Be5 Ne4 17. Bxg7 Kxg7 18. Rad1 e5 19. c4 a5 20. cxd5 cxd5 21.
Rb1 a4 22. Nd2 Nc5 23. Qa3 d4 24. exd4 exd4 25. b4 axb3 26. axb3 Ra8 27. Qc1 Nd3
28. Qc4 Ne5 29. Qd5 Rad8 30. Qe4 Qb4 31. Qc2 Rc8 32. Qd1 d3 33. h3 Rc2 34. Nf3
Qc3 35. Nxe5 Rxe5 36. Qf3 Qd4 37. b4 d2 38. Rfd1 Rc3 39. Qg4 Re4 40. Qg5 Re2 41.
Rf1 Rd3 42. Qc5 Qe4 43. f3 Qe6 44. Rbd1 Kg8 45. b5 Re1 46. Qf2 Re2 47. Qc5 Rd5
48. Qc7 Re1 49. Qg3 Re2 50. Qb8+ Kg7 51. b6 Re1 52. Qg3 Qxb6+ 53. Qf2 Rxf1+ 54.
Kxf1 Qb2 55. Qe2 Qd4 56. Qf2 Qxf2+ 57. Kxf2 Kf6 58. Ke2 Kf5 59. g3 Ke5 60. Rxd2
Rxd2+ 61. Kxd2 Kd4 62. h4 h5 63. Ke2 f6 64. g4 f5 65. gxh5 gxh5 66. Kd2 f4 67.
Ke2 Kc3 0-1

[Event "Druzynowe Mistrzostwa Polski - II liga"]
[Site "Sypniewo k. Jastrowia"]
[Date "1899-12-30"]
[Round "5.85"]
[White "Jozwicki, Jakub"]
[Black "Balinski, Damian"]
[Result "0-1"]
[WhiteTitle "m"]
[BlackTitle "k"]
[WhiteElo "2283"]
[BlackElo "2193"]

1. c4 f5 2. Nf3 Nf6 3. g3 g6 4. Bg2 Bg7 5. O-O O-O 6. d4 d6 7. Nc3 c6 8. d5 e5
9. dxe6 Bxe6 10. Bf4 Bxc4 11. Bxd6 Re8 12. Ne5 Be6 13. Qd2 Nd5 14. Nxd5 cxd5 15.
Bxb8 Rxb8 16. Nf3 h6 17. Nd4 Bf7 18. e3 Qb6 19. Rfd1 Rbc8 20. b3 Red8 21. h4 h5
22. Qb2 Rc7 23. Rd2 Bf6 24. Rad1 Rcd7 25. Bf3 Rd6 26. Rc2 R6d7 27. Qc1 Bg7 28.
Rc8 Rxc8 29. Qxc8+ Rd8 30. Qc2 Bf6 31. Rd2 Kg7 32. Kg2 Kg8 33. Qd1 Be5 34. Ne2
Qc5 35. Nf4 Bxf4 36. gxf4 b6 37. Rd4 a5 38. Qd2 Kh7 39. Kg3 Rd6 40. Qb2 Qc8 41.
b4 axb4 42. Rxb4 Qe6 43. Rd4 Qf6 44. Qd2 Qd8 45. Bd1 Rc6 46. Bb3 Rc5 47. f3 Bg8
48. Qd1 Qd7 49. Rd3 Qc6 50. e4 Rc1 51. Qd2 fxe4 52. fxe4 Rg1+ 53. Kh2 Rg4 54.
Bxd5 Rxh4+ 55. Kg3 Rg4+ 56. Kf3 Bxd5 57. Rxd5 Qc4 58. Rd7+ Kh6 59. f5+ Rg5 60.
Kf4 Rxf5+ 61. Ke3 Rf1 62. Rd4 Qc1 63. Qxc1 Rxc1 64. e5 Kg5 65. Ke4 Re1+ 66. Kd5
Kf5 67. Kc6 Kxe5 68. Rb4 Ra1 69. a4 g5 70. Kxb6 h4 71. a5 h3 0-1

[Event "Druzynowe Mistrzostwa Polski - II liga"]
[Site "Sypniewo k. Jastrowia"]
[Date "1899-12-30"]
[Round "5.86"]
[White "Kossobudzki, Robert"]
[Black "Borgula, Rafal"]
[Result "1/2-1/2"]
[WhiteTitle "I"]
[BlackTitle "FM"]
[WhiteElo "2052"]
[BlackElo "2223"]

1. Nf3 Nf6 2. b4 g6 3. Bb2 Bg7 4. c4 O-O 5. g3 d6 6. Bg2 e5 7. O-O Re8 8. d3 Nbd7
9. Nc3 a5 10. a3 axb4 11. axb4 Rxa1 12. Qxa1 c6 13. Ng5 Qc7 14. e3 h6 15. Nge4
Nxe4 16. Nxe4 Nf6 17. Nxf6+ Bxf6 18. h3 Bg7 19. Rd1 Be6 20. Qa4 Rb8 21. Kh2 h5
22. h4 Qc8 23. b5 Ra8 24. Qb3 Qd7 25. bxc6 bxc6 26. Ra1 Rxa1 27. Bxa1 Qa7 28.
Bb2 Qa8 29. Qb6 d5 30. cxd5 cxd5 31. Qc7 Qa2 32. Qb8+ Kh7 33. Bxe5 Bxe5 34. Qxe5
Qxf2 35. d4 Qe2 1/2-1/2

[Event "Druzynowe Mistrzostwa Polski - II liga"]
[Site "Sypniewo k. Jastrowia"]
[Date "1899-12-30"]
[Round "5.87"]
[White "Paprocki, Jaroslaw"]
[Black "Grzesik, Norbert"]
[Result "1-0"]
[WhiteTitle "k++"]
[BlackTitle "I++"]
[WhiteElo "2186"]
[BlackElo "1945"]

1. c4 b6 2. d4 Bb7 3. Nc3 e6 4. e4 Bb4 5. f3 f5 6. exf5 Nh6 7. fxe6 Nf5 8. Bf4
dxe6 9. Ne2 O-O 10. Qd3 Nc6 11. O-O-O Qd7 12. Nb5 Rac8 13. d5 Na5 14. a3 Be7 15.
Nxa7 Rcd8 16. Nc3 exd5 17. Nxd5 Nd4 18. Nxe7+ Qxe7 19. Qe3 Qf6 20. Bg5 Ndb3+ 21.
Kc2 Nd4+ 22. Kb1 Qg6+ 23. Bd3 Qe6 24. Qxe6+ Nxe6 25. Bxd8 1-0

[Event "Druzynowe Mistrzostwa Polski - II liga"]
[Site "Sypniewo k. Jastrowia"]
[Date "1899-12-30"]
[Round "5.88"]
[White "Meller, Piotr"]
[Black "Wolanski, Michal"]
[Result "0-1"]
[WhiteTitle "I"]
[BlackTitle "I++"]
[WhiteElo "2023"]
[BlackElo "2029"]

1. Nf3 c5 2. c4 Nc6 3. Nc3 g6 4. g3 Bg7 5. Bg2 e6 6. O-O Nge7 7. d3 O-O 8. e4 d5
9. Nd2 dxc4 10. dxc4 Ne5 11. f4 Qd4+ 12. Kh1 Nd3 13. Qe2 Rd8 14. Nb3 Qxc4 15.
Rd1 Bxc3 16. bxc3 Nf2+ 0-1

[Event "Druzynowe Mistrzostwa Polski - II liga"]
[Site "Sypniewo k. Jastrowia"]
[Date "1899-12-30"]
[Round "5.89"]
[White "Przybylski, Bartosz"]
[Black "Paprocki, Artur"]
[Result "1/2-1/2"]
[WhiteTitle "I"]
[BlackTitle "I"]
[WhiteElo "1667"]
[BlackElo "1842"]

1. d4 Nf6 2. c4 g6 3. Nc3 Bg7 4. e4 d6 5. f3 O-O 6. Be3 c6 7. Qd2 a6 8. g4 Nbd7
9. h4 e5 10. O-O-O exd4 11. Bxd4 b5 12. g5 Ne8 13. Bxg7 Kxg7 14. Nh3 Qa5 15. Qd4+
Kg8 16. Nf4 b4 17. Nb1 Qxa2 18. Nd3 c5 19. Qf2 Qxc4+ 20. Kd2 Qe6 21. h5 Nb6 22.
hxg6 fxg6 23. Qh2 Qf7 24. Ke1 Ra7 25. Be2 a5 26. Nd2 Re7 27. e5 dxe5 28. Nxe5
Qf4 29. Nc6 Rg7 30. Qxf4 Rxf4 31. Ne4 Bb7 32. Nxa5 Bxe4 33. fxe4 Rxe4 34. Nc6
Rc7 35. Nb8 Rce7 36. Rh2 Nc4 37. b3 Ncd6 38. Na6 R4e5 39. Kd2 Ne4+ 40. Kc2 Nc3
41. Bc4+ Kg7 42. Rdh1 Rxg5 43. Rxh7+ Kf6 44. Rf1+ Rf5 45. Rxe7 Kxe7 46. Rxf5 gxf5
47. Nxc5 Nf6 48. Nd3 Ncd5 49. Kd2 Kd6 50. Ke2 Kc6 51. Kf3 Kd6 52. Nxb4 1/2-1/2

[Event "Druzynowe Mistrzostwa Polski - II liga"]
[Site "Sypniewo k. Jastrowia"]
[Date "1899-12-30"]
[Round "5.90"]
[White "Korosciel, Aneta"]
[Black "Paprocka, Renata"]
[Result "1-0"]
[WhiteTitle "m"]
[BlackTitle "WFM"]
[WhiteElo "1966"]
[BlackElo "1914"]

1. d4 d5 2. Nf3 Nf6 3. Bf4 c5 4. c3 Qb6 5. Qb3 c4 6. Qxb6 axb6 7. Ne5 e6 8. g3
b5 9. Bg2 Bd7 10. O-O Nc6 11. Nd2 b4 12. e4 bxc3 13. bxc3 Ra3 14. exd5 exd5 15.
Rfe1 Kd8 16. Nxf7+ Kc8 17. Nxh8 Rxc3 18. Nf3 Nb4 19. Bd2 Rc2 20. Rec1 Rxc1+ 21.
Rxc1 Ne4 22. Bxb4 Bxb4 23. Ne5 Ba3 24. Rxc4+ dxc4 25. Bxe4 b5 26. Nxd7 Kxd7 27.
Kf1 Bb2 28. Bxh7 Bxd4 29. Ke2 Ke7 30. Ng6+ Kd6 31. Nf4 g5 32. Ng2 Kc5 33. Ne3
Kb4 34. Nc2+ Kc3 35. Nxd4 Kxd4 36. Kd2 b4 37. h4 gxh4 38. gxh4 Ke5 39. h5 Kf6
40. Bg6 Kg7 41. Be4 Kh6 42. Bf3 Kg5 43. Be2 c3+ 44. Kc2 Kh6 45. Bd1 Kg5 46. Kb3
Kh6 47. Kxb4 c2 48. Bxc2 Kxh5 49. a4 Kg4 50. a5 1-0

[Event "Druzynowe Mistrzostwa Polski - II liga"]
[Site "Sypniewo k. Jastrowia"]
[Date "1899-12-30"]
[Round "5.91"]
[White "Kowalak, Piotr"]
[Black "Simon, Marek"]
[Result "1/2-1/2"]
[WhiteTitle "k"]
[BlackTitle "I+"]
[WhiteElo "2096"]
[BlackElo "1849"]

1. e4 d5 2. exd5 Nf6 3. d4 Bg4 4. Nf3 Qxd5 5. Be2 Nc6 6. c4 Qh5 7. Nc3 O-O-O 8.
Be3 e5 9. d5 e4 10. Nd2 Nb4 11. Ndxe4 Bxe2 12. Qxe2 Qxe2+ 13. Kxe2 Nxe4 14. Nxe4
Re8 15. Nc3 Nc2 16. Rac1 Nxe3 17. fxe3 Bc5 18. Nd1 Re5 19. Rf1 Rhe8 20. Rc3 f5
21. h4 g6 22. g3 a5 23. Rf3 c6 24. dxc6 bxc6 25. Rd3 Re4 26. b3 a4 27. Nc3 axb3
28. axb3 Bb4 29. Na4 Kc7 30. Kf2 Bf8 31. Nc3 R4e5 32. Ke2 Bc5 33. Kd2 Bb4 34.
Kc2 Bc5 35. Nd1 Bf8 36. Nc3 Bc5 37. Kd2 Bb4 38. Ke2 Bc5 39. Kf2 Bf8 40. Ke2 Bc5
41. Nd1 Bf8 42. Nf2 Be7 43. Nd1 Bf8 44. Nf2 Be7 45. Nh3 Ra5 46. Nf4 Re5 47. Rf1
Bc5 48. Ng2 Ra8 49. Rfd1 Re7 50. Kf3 Ra2 51. Nf4 Ra8 52. R1d2 Rae8 53. Re2 Re5
54. Ng2 Ra8 55. Red2 Re7 56. Re2 Rae8 57. Ra2 Rb8 58. Re2 Ra8 59. Nf4 Rae8 60.
Ng2 Ra8 61. Nf4 Rae8 62. Ng2 Ra8 63. Nf4 1/2-1/2

[Event "Druzynowe Mistrzostwa Polski - II liga"]
[Site "Sypniewo k. Jastrowia"]
[Date "1899-12-30"]
[Round "5.92"]
[White "Tomczak, Michal"]
[Black "Kolodziejski, Piotr"]
[Result "0-1"]
[WhiteTitle "I++"]
[BlackTitle "I+"]
[WhiteElo "1930"]
[BlackElo "2048"]

1. e4 c6 2. d4 d5 3. e5 c5 4. dxc5 e6 5. Be3 Qc7 6. Nc3 a6 7. Na4 Nd7 8. Nf3 Nxc5
9. Nxc5 Bxc5 10. Bxc5 Qxc5 11. c3 Ne7 12. Bd3 Bd7 13. a4 Nc6 14. Rc1 Qe7 15. O-O
O-O 16. h4 f6 17. exf6 gxf6 18. Re1 e5 19. Bb1 Be6 20. Ba2 Rad8 21. b4 Qg7 22.
Kh2 Ne7 23. Bb1 Kh8 24. Nd4 Bg4 25. f3 Bc8 26. Ne2 Rg8 27. Rg1 Bf5 28. g4 Bxb1
29. Rxb1 Qh6 30. h5 f5 31. Qc1 Qe6 32. g5 f4 33. Qe1 Nf5 34. Nxf4 Qe8 35. Nh3
Qxh5 36. Qxe5+ Ng7 37. Qg3 Rgf8 38. Rgf1 Rde8 39. Rb2 Re3 40. Rbf2 Rxc3 41. Kg2
Qf7 42. Rh1 Rc6 43. Qe5 Kg8 44. Rd1 Nf5 45. Kh2 d4 46. Rg1 Nh4 47. f4 Nf5 48.
g6 Rxg6 49. Rfg2 Nh4 50. Rxg6+ hxg6 51. Ng5 Qf6 52. Qc7 Qg7 53. Qxg7+ Kxg7 54.
Ne6+ Kf7 55. Nxf8 Nf3+ 56. Kg2 Nxg1 57. Nd7 Ne2 58. Kf3 Nc3 59. Nc5 Nd5 60. Ke4
Nxb4 61. Kxd4 b5 62. axb5 axb5 63. Nd7 Na6 64. Kd5 b4 65. Kd4 Ke7 66. Ne5 Kf6
67. Nd3 Kf5 68. Ne5 b3 69. Nd3 Nb4 70. Nb2 Na2 71. Nd3 Nc1 72. Nb2 Kxf4 73. Kc3
g5 74. Kd2 Na2 75. Ke2 Nb4 76. Kf2 g4 77. Kg2 g3 78. Kg1 Kf3 79. Kf1 Nd5 80. Nd3
Nf4 81. Nb2 g2+ 0-1

[Event "Druzynowe Mistrzostwa Polski - II liga"]
[Site "Sypniewo k. Jastrowia"]
[Date "1899-12-30"]
[Round "5.93"]
[White "Komendecki, Jacek"]
[Black "Janicki, Rafal"]
[Result "0-1"]
[WhiteTitle "k"]
[BlackTitle "I+"]
[WhiteElo "1981"]
[BlackElo "1819"]

1. e4 c5 2. Nf3 Nc6 3. d4 cxd4 4. Nxd4 Nf6 5. Nc3 e5 6. Ndb5 d6 7. Bg5 a6 8. Bxf6
gxf6 9. Na3 b5 10. Nd5 Bg7 11. Qh5 Ne7 12. Nxe7 Qxe7 13. c3 Be6 14. Nc2 Qb7 15.
Bd3 d5 16. exd5 Qxd5 17. Qe2 Rd8 18. Nb4 Qb7 19. O-O O-O 20. Qh5 e4 21. Be2 Rd2
22. Rfd1 Rxb2 23. Rab1 Rxb1 24. Rxb1 f5 25. a4 Bxc3 26. axb5 axb5 27. Nc2 Bg7
28. Ne3 b4 29. Nxf5 Bxf5 30. Qxf5 b3 31. Bc4 b2 32. Bd5 Qc7 33. Qxe4 Qc1+ 34.
Qe1 Rc8 35. Ba2 Qxe1+ 36. Rxe1 Rc1 37. Kf1 Bc3 0-1

[Event "Druzynowe Mistrzostwa Polski - II liga"]
[Site "Sypniewo k. Jastrowia"]
[Date "1899-12-30"]
[Round "5.94"]
[White "Lisiecki, Robert"]
[Black "Komendecki, Antoni"]
[Result "1-0"]
[WhiteTitle "I"]
[BlackTitle "I++"]
[WhiteElo "1775"]
[BlackElo "1845"]

1. e4 c5 2. Nf3 d6 3. d4 cxd4 4. Nxd4 Nf6 5. Nc3 g6 6. Be3 Bg7 7. Bc4 O-O 8. Bb3
Ng4 9. Qd2 Nxe3 10. Qxe3 Nc6 11. Nxc6 bxc6 12. O-O-O a5 13. Na4 Bd7 14. Nb6 Rb8
15. Nxd7 Qxd7 16. a4 Rfc8 17. Qf4 Qe8 18. Rd3 c5 19. c4 Rxb3 20. Rxb3 Qxa4 21.
Qg4 f5 22. Qd1 Qxc4+ 23. Qc2 Qxe4 24. Qxe4 fxe4 25. Re1 d5 26. Kc2 a4 27. Rb7
Bf6 28. Ra1 Ra8 29. Rc7 Rb8 30. Ra2 c4 31. Rc5 e6 32. Rc6 Bd4 33. Rxe6 Bxf2 34.
Rxa4 Rd8 35. Kd1 e3 36. Ke2 d4 37. Rxc4 d3+ 38. Kd1 e2+ 39. Rxe2 dxe2+ 40. Kxe2
Bd4 41. b4 Be5 42. h3 Rb8 43. h4 Bd6 44. h5 g5 45. h6 Rxb4 46. Rc6 Re4+ 47. Kf3
Re6 48. Kg4 Rxh6 49. Rc8+ Bf8 50. Kxg5 Rg6+ 51. Kh5 Rxg2 52. Rc4 Rf2 53. Rc7 Rf5+
54. Kg4 Re5 55. Rb7 Be7 56. Kf4 Re1 57. Kg4 Kf7 58. Ra7 Kg6 59. Ra8 h5+ 60. Kh3
Re3+ 61. Kg2 Bd6 62. Ra6 Rd3 63. Ra8 Be5 64. Ra6+ Kg5 65. Rc6 Bf4 66. Ra6 h4 67.
Ra1 Kg4 68. Rb1 Rd2+ 69. Kh1 Kh3 1-0

[Event "Druzynowe Mistrzostwa Polski - II liga"]
[Site "Sypniewo k. Jastrowia"]
[Date "1899-12-30"]
[Round "5.95"]
[White "Lewandowski, Wiktor"]
[Black "Kozlowski, Tomasz"]
[Result "0-1"]
[WhiteTitle "I"]
[BlackTitle "I++"]
[WhiteElo "1812"]
[BlackElo "1775"]

1. e4 d5 2. exd5 Nf6 3. d4 Bg4 4. Nf3 Qxd5 5. Nc3 Qh5 6. Be2 Nc6 7. Be3 O-O-O 8.
Qd2 e5 9. O-O-O exd4 10. Nb5 Bxf3 11. gxf3 Bb4 12. Nxa7+ Nxa7 13. Qxb4 dxe3 14.
Qa3 Kb8 15. fxe3 Nc6 16. e4 Qa5 17. Qxa5 Nxa5 18. Rhg1 g6 19. b4 Nc6 20. c3 Nh5
21. Rgf1 Nf4 22. Bc4 Ne5 23. Bb3 f6 24. Kc2 c6 25. Rd4 Kc7 26. a4 Ng2 27. Kd2
Nh4 28. Ke3 Nhxf3 29. Rxf3 Nxf3 30. Kxf3 Rhe8 31. b5 cxb5 32. axb5 Rxd4 33. cxd4
Kb6 34. Bc4 Rc8 35. Be2 Rc3+ 36. Kf4 Rh3 37. e5 fxe5+ 38. dxe5 Rxh2 39. Bf3 Rf2
40. e6 Kc7 41. Ke3 Rxf3+ 0-1

[Event "Druzynowe Mistrzostwa Polski - II liga"]
[Site "Sypniewo k. Jastrowia"]
[Date "1899-12-30"]
[Round "5.96"]
[White "Stochnialek, Dominika"]
[Black "Karykowska, Anna"]
[Result "0-1"]
[WhiteTitle "I++"]
[BlackTitle "k+"]
[WhiteElo "1706"]
[BlackElo "1982"]

1. d4 Nf6 2. Nc3 d5 3. Bf4 e6 4. Nb5 Na6 5. e3 c6 6. Nc3 Be7 7. Nf3 O-O 8. Be2
Qb6 9. Rb1 c5 10. O-O c4 11. h3 Qa5 12. Qd2 Bb4 13. Qc1 Bxc3 14. bxc3 Ne4 15.
Re1 Nxc3 16. Rb2 Qa3 17. Bf1 b5 18. Nd2 b4 19. Qa1 Na4 20. Rbb1 Bb7 21. e4 Nc3
22. Rb2 Nb5 23. Re3 c3 24. Rb3 Qa5 25. Bxb5 cxd2 26. Bd3 dxe4 27. Bxe4 Bxe4 28.
Rxe4 Qd5 29. Re5 Qc4 30. Bxd2 Rfd8 31. c3 Qd3 32. Qe1 bxc3 33. Bxc3 Rab8 34. Re3
Qc4 35. Rg3 Rxb3 36. axb3 Qd5 37. Qa1 Nc7 38. Qxa7 Nb5 39. Qa5 Nxc3 40. Qxc3 Qxd4
41. Qxd4 Rxd4 42. Rc3 Kf8 43. g3 Rb4 44. Kg2 Ke7 45. Rd3 e5 46. g4 Ke6 47. f3
g6 48. Rc3 h5 49. gxh5 gxh5 50. Rc4 Rxb3 51. Rh4 Kf5 52. Rxh5+ Kf4 53. Rh4+ Kg5
54. Rg4+ Kh5 55. Re4 f6 56. Kg3 Kg5 57. Rg4+ Kf5 58. h4 Rb1 59. Ra4 Kg6 60. Rg4+
Kh5 61. Ra4 f5 62. Ra5 f4+ 63. Kf2 Kxh4 64. Rxe5 Rb2+ 65. Kg1 Kg3 66. Re1 Kxf3
67. Rf1+ Kg3 68. Kh1 f3 69. Rg1+ Kh3 70. Ra1 Rh2+ 71. Kg1 f2+ 0-1

[Event "Druzynowe Mistrzostwa Polski - II liga"]
[Site "Sypniewo k. Jastrowia"]
[Date "1899-12-30"]
[Round "5.97"]
[White "Wesolowski, Edgar"]
[Black "Dziewonski, Dariusz"]
[Result "0-1"]
[WhiteTitle "I++"]
[BlackTitle "I++"]
[WhiteElo "1951"]
[BlackElo "2015"]

1. c4 e6 2. e4 d5 3. cxd5 exd5 4. exd5 Nf6 5. d4 Nxd5 6. Bc4 Bb4+ 7. Bd2 Bxd2+
8. Qxd2 O-O 9. Nc3 Be6 10. Nf3 Nxc3 11. bxc3 Bxc4 12. Ne5 Qd5 13. f3 c5 14. Kf2
cxd4 15. cxd4 Nc6 16. Nxc4 Qxc4 17. d5 Qc5+ 18. Kg3 Qd6+ 19. f4 Ne7 20. Rad1 Rad8
21. Rhe1 Qg6+ 22. Kf2 Rxd5 23. Qb4 Qc2+ 0-1